| 000 | 00679 a2200229 4500 | ||
|---|---|---|---|
| 003 | OSt | ||
| 005 | 20180116182818.0 | ||
| 008 | 170803b xxu||||| |||| 00| 0 eng d | ||
| 020 | _a0070663637 (hardcover) | ||
| 020 | _a9780070663633 (hardcover) | ||
| 040 | _c0 | ||
| 082 | _a332.1 LUC 1984 | ||
| 100 | 1 | _aDudley G. Luckett. | |
| 245 | 1 | 0 |
_aMoney and Banking _cDudley G. Luckett. |
| 250 | _a3rd Ed. | ||
| 260 |
_a[S.l.] : _bMcGraw-Hill Education, _c1984 |
||
| 300 |
_a584 p. _bpb |
||
| 440 | _aMoney and Banking | ||
| 500 | _aImport. | ||
| 856 | 4 | 0 |
_3Amazon.com _uhttp://www.amazon.com/exec/obidos/ASIN/0070663637/chopaconline-20 |
| 942 |
_aNBS _cBK _k332.1 LUC 1984 _2ddc |
||
| 999 |
_c346481 _d346481 |
||